000 00209 a2200097 4500
001 21498
100 _aPreece, Warren E
245 _aEncyclopedia of Britannia
260 _a
_bBenton
_c
090 _c15125
_d15125
942 _aNUST-CAE
_cM
_c5698
999 _c256571
_d256571